00734nam a2200253 a 4500001001300000003000900013005001700022008004100039020001000080082001600090100002100106245004400127260003500171300000900206500003500215505002700250650001500277650002300292700002100315902000800336942000700344952011600351999001300467nice12345678IN_TiNIC20260116011312.0050524s0000 dela grp 000 0 urd  ac10000a181.07bAZA aAzad, Abul Kalam aFalsafab Usool-O-Mubadi Ki Raushni Men aDelhibChaman Book Depotc0000 a112p aincludes index and biblioraphy2 aPlus Some Other Tracts aPhilosophy aPhilosophy-Islamic1 aAzad, Abul Kalam bSRS cBK 001040708StackRoom-aHMIbHMId2007-07-31g100.00l0o181.07 AZAp04144r2007-07-31v100.00w2005-05-24yBK c326d326